Hey Diddle Diddle and other Nursery Rhymes / (Record no. 49092)
| 000 -LEADER | |
|---|---|
| fixed length control field | 00395nam a2200121 4500 |
| 020 ## - INTERNATIONAL STANDARD BOOK NUMBER | |
| International Standard Book Number | 9781783934362 |
| 100 ## - MAIN ENTRY--PERSONAL NAME | |
| Personal name | Machell, Dawn, |
| Relator term | author. |
| 9 (RLIN) | 86109 |
| 245 ## - TITLE STATEMENT | |
| Title | Hey Diddle Diddle and other Nursery Rhymes / |
| Statement of responsibility, etc | Illustrated by Dawn Machell. |
| 260 ## - PUBLICATION, DISTRIBUTION, ETC. (IMPRINT) | |
| Place of publication, distribution, etc | UK: |
| Name of publisher, distributor, etc | Make Believe Ideas: |
| Date of publication, distribution, etc | February 1, 2015. |
| 300 ## - PHYSICAL DESCRIPTION | |
| Extent | 24 pages. |
| Dimensions | 8 x 0.75 x 8 inches. |
| 650 #4 - SUBJECT ADDED ENTRY--TOPICAL TERM | |
| 9 (RLIN) | 22656 |
| Topical term or geographic name as entry element | Nursery rhymes. |
| 942 ## - ADDED ENTRY ELEMENTS (KOHA) | |
| Source of classification or shelving scheme | |
| Koha item type | Board Book |
| Withdrawn status | Lost status | Source of classification or shelving scheme | Damaged status | Not for loan | Home library | Current library | Date acquired | Total Checkouts | Full call number | Barcode | Date last seen | Date checked out | Price effective from | Koha item type |
|---|---|---|---|---|---|---|---|---|---|---|---|---|---|---|
| Logos International School | Logos International School | 07/31/2025 | 1 | BB DAW | 040618 | 02/12/2026 | 01/12/2026 | 07/31/2025 | Board Book |